Statistics for Wings of Fire Characters by Picture.

Click here to take the quiz!

General Stats

  • This quiz has been taken 319 times
    (317 since last reset)
  • The average score is 15 of 22

Answer Stats

Answer% Correct
Clay
99%
Princess Tsunami
99%
Princess Sunny
96%
Starflight
91%
MoonWatcher
90%
Prince Turtle
89%
Queen Glory
89%
Dune
86%
Webs
83%
Prince Winter
77%
Kestrel
74%
Princess Anemone
69%
Queen Coral
66%
Squid
64%
Princess Ruby
60%
Viper
51%
Queen Thorn
46%
Kinkajou
44%
Orchid
42%
Princess Blaze
35%
Prince Hailstorm
34%
Reed
19%

Score Distribution

Percentile by Number Answered

Percent of People with Each Score

Your Score History

You have not taken this quiz since the last reset